000 nam a22 7a 4500
999 _c27857
_d27856
003 OSt
005 20170518104740.0
008 170512b xxu||||| |||| 00| 0 eng d
020 _a9781854100122
040 _aMMU
_beng
_cMMU
_dMMU
050 _aDT 433.566
_b.P38 1989
100 _aPavitt Nigel
245 _aKenya:
_bThe first explorers /
260 _aLondon:
_bAurum Press,
_c1989.
300 _a207p. :
_bill.
500 _aincludes index
650 _akenya
942 _2lcc
_cLOAN LOAN